000 00356nam a22001577a 4500
003 OSt
005 20240406115353.0
008 190112b xxu||||| |||| 00| 0 eng d
020 _a978-9350538296
040 _cIIMT UNIVERSITY
100 _aKUMAR SATISH
245 _aKOSHIKA VIGYAN
260 _aMEERUT
_bPRAGATI PUB
300 _a355
942 _2ddc
_c01
999 _c44629
_d44629